[Event "Ukrainian Women - 2013"]
[Site "http://ukrchess.org.ua/"]
[Date "2013.06.22"]
[Round "5.1"]
[White "Kalinina, Olga"]
[Black "Gaponenko, Inna"]
[Result "0-1"]
[LiveChessVersion "1.4.2"]
[BlackElo "2393"]
[WhiteElo "2292"]

1. e4 {[%clk 1:30:58]} c5 {[%clk 1:30:56]} 2. Nf3 {[%clk 1:31:24]} d6
{[%clk 1:31:22]} 3. d4 {[%clk 1:31:50]} cxd4 {[%clk 1:31:48]} 4. Nxd4
{[%clk 1:32:15]} Nf6 {[%clk 1:32:14]} 5. Nc3 {[%clk 1:32:43]} Nc6
{[%clk 1:32:38]} 6. Bc4 {[%clk 1:32:42]} e6 {[%clk 1:33:03]} 7. Bb3
{[%clk 1:31:43]} Be7 {[%clk 1:32:09]} 8. Be3 {[%clk 1:31:21]} O-O
{[%clk 1:30:31]} 9. Qe2 {[%clk 1:30:39]} a6 {[%clk 1:29:08]} 10. O-O-O
{[%clk 1:30:53]} Qc7 {[%clk 1:29:12]} 11. g4 {[%clk 1:29:44]} Nxd4
{[%clk 1:17:24]} 12. Rxd4 {[%clk 1:25:20]} b5 {[%clk 1:12:47]} 13. g5
{[%clk 1:25:05]} Nd7 {[%clk 1:12:39]} 14. h4 {[%clk 1:21:47]} Nc5
{[%clk 1:02:43]} 15. h5 {[%clk 1:13:20]} f5 {[%clk 0:27:54]} 16. exf5
{[%clk 0:52:36]} Rxf5 {[%clk 0:25:45]} 17. Qd2 {[%clk 0:52:35]} Bb7
{[%clk 0:12:46]} 18. Rg1 {[%clk 0:52:14]} Raf8 {[%clk 0:09:12]} 19. h6
{[%clk 0:33:25]} g6 {[%clk 0:08:40]} 20. Rdg4 {[%clk 0:32:41]} Nxb3+
{[%clk 0:04:01]} 21. axb3 {[%clk 0:33:06]} Bf3 {[%clk 0:03:51]} 22. R4g3
{[%clk 0:30:54]} d5 {[%clk 0:01:56]} 23. Re1 {[%clk 0:27:54]} b4 {[%clk 0:00:44]}
24. Ne2 {[%clk 0:19:39]} e5 {[%clk 0:00:44]} 25. Rxf3 {[%clk 0:19:21]} Rxf3
{[%clk 0:01:13]} 26. Qxd5+ {[%clk 0:19:45]} R3f7 {[%clk 0:01:10]} 27. Ng3
{[%clk 0:18:05]} Rc8 {[%clk 0:00:35]} 28. Re2 {[%clk 0:18:26]} Qc6
{[%clk 0:00:35]} 29. Rd2 {[%clk 0:13:14]} Qxd5 {[%clk 0:00:38]} 30. Rxd5
{[%clk 0:13:41]} Bd8 {[%clk 0:00:36]} 31. Ne4 {[%clk 0:12:38]} Rfc7
{[%clk 0:00:43]} 32. c4 {[%clk 0:12:24]} bxc3 {[%clk 0:01:03]} 33. bxc3
{[%clk 0:12:50]} Rc6 {[%clk 0:00:41]} 34. Rxe5 {[%clk 0:11:33]} Kf7
{[%clk 0:00:45]} 35. Rd5 {[%clk 0:10:29]} Be7 {[%clk 0:00:46]} 36. Kb2
{[%clk 0:09:43]} Rd8 {[%clk 0:00:39]} 37. Rxd8 {[%clk 0:06:33]} Bxd8
{[%clk 0:01:08]} 38. b4 {[%clk 0:06:55]} Ke6 {[%clk 0:00:41]} 39. Kb3
{[%clk 0:04:17]} Kf5 {[%clk 0:00:57]} 40. f3 {[%clk 0:33:35]} Bc7
{[%clk 0:30:44]} 41. c4 {[%clk 0:22:29]} Bf4 {[%clk 0:28:45]} 42. Bxf4
{[%clk 0:12:23]} Kxf4 {[%clk 0:29:11]} 43. c5 {[%clk 0:12:50]} Kxf3
{[%clk 0:15:50]} 44. Nf6 {[%clk 0:13:05]} Kf4 {[%clk 0:15:37]} 45. Nxh7
{[%clk 0:13:14]} Rc8 {[%clk 0:15:30]} 46. Kc4 {[%clk 0:13:20]} Rh8
{[%clk 0:14:16]} 47. Nf6 {[%clk 0:13:46]} Kxg5 {[%clk 0:14:31]} 48. Ne4+
{[%clk 0:12:59]} Kf4 {[%clk 0:12:36]} 49. Nd6 {[%clk 0:03:36]} Rxh6
{[%clk 0:04:56]} 50. c6 {[%clk 0:03:30]} Rh7 {[%clk 0:05:05]} 51. Kd5
{[%clk 0:02:36]} g5 {[%clk 0:04:22]} 52. Ne4 {[%clk 0:02:17]} g4 {[%clk 0:03:28]}
53. Nc3 {[%clk 0:00:43]} Ke3 {[%clk 0:01:28]} 54. Kd6 {[%clk 0:00:46]} g3
{[%clk 0:01:12]} 55. Nd5+ {[%clk 0:01:11]} Kf3 {[%clk 0:01:25]} 56. Nf6
{[%clk 0:00:33]} Rh8 {[%clk 0:01:10]} 57. Kd7 {[%clk 0:00:36]} g2
{[%clk 0:01:30]} 58. c7 {[%clk 0:01:02]} g1=Q {[%clk 0:01:45]} 59. Ne8
{[%clk 0:01:30]} Qg4+ {[%clk 0:01:51]} 0-1

[Event "Ukrainian Women - 2013"]
[Site "http://ukrchess.org.ua/"]
[Date "2013.06.22"]
[Round "5.2"]
[White "Muzychuk, Mariya"]
[Black "Andrenko, Irina"]
[Result "1-0"]
[LiveChessVersion "1.4.2"]
[BlackElo "2253"]
[WhiteElo "2484"]

1. e4 {[%clk 1:28:31]} d6 {[%clk 1:30:49]} 2. d4 {[%clk 1:28:43]} g6
{[%clk 1:31:15]} 3. Nc3 {[%clk 1:28:49]} Bg7 {[%clk 1:31:41]} 4. f4
{[%clk 1:28:47]} a6 {[%clk 1:31:17]} 5. Nf3 {[%clk 1:27:50]} b5 {[%clk 1:31:41]}
6. Bd3 {[%clk 1:27:13]} Nd7 {[%clk 1:32:05]} 7. e5 {[%clk 1:25:20]} c5
{[%clk 1:31:36]} 8. Be4 {[%clk 1:22:57]} Rb8 {[%clk 1:31:53]} 9. Be3
{[%clk 1:22:01]} cxd4 {[%clk 1:24:27]} 10. Nxd4 {[%clk 0:48:16]} dxe5
{[%clk 1:22:52]} 11. Nc6 {[%clk 0:48:05]} Qc7 {[%clk 1:23:16]} 12. Qd2
{[%clk 0:41:08]} Ngf6 {[%clk 1:09:55]} 13. Nxb8 {[%clk 0:40:07]} Qxb8
{[%clk 1:09:59]} 14. Bf3 {[%clk 0:37:46]} O-O {[%clk 1:07:14]} 15. O-O-O
{[%clk 0:34:21]} b4 {[%clk 0:57:10]} 16. Nd5 {[%clk 0:32:30]} Nxd5
{[%clk 0:54:34]} 17. Bxd5 {[%clk 0:32:48]} a5 {[%clk 0:52:15]} 18. Rhe1
{[%clk 0:29:13]} Nf6 {[%clk 0:33:53]} 19. fxe5 {[%clk 0:26:27]} Qxe5
{[%clk 0:30:57]} 20. Bf4 {[%clk 0:24:07]} Qf5 {[%clk 0:29:02]} 21. Bf3
{[%clk 0:23:14]} Ng4 {[%clk 0:26:22]} 22. Bxg4 {[%clk 0:22:51]} Qxg4
{[%clk 0:26:20]} 23. Be5 {[%clk 0:12:20]} Bxe5 {[%clk 0:14:54]} 24. Rxe5
{[%clk 0:12:46]} Bf5 {[%clk 0:15:20]} 25. Rd5 {[%clk 0:11:31]} e5
{[%clk 0:12:22]} 26. Rd8 {[%clk 0:09:44]} Qc4 {[%clk 0:07:00]} 27. b3
{[%clk 0:06:48]} Qe4 {[%clk 0:06:12]} 28. Rxf8+ {[%clk 0:06:12]} Kxf8
{[%clk 0:06:41]} 29. Re1 {[%clk 0:06:35]} Qh4 {[%clk 0:02:49]} 30. Qd6+
{[%clk 0:06:30]} Kg8 {[%clk 0:01:47]} 31. Qb8+ {[%clk 0:06:51]} Kg7
{[%clk 0:02:11]} 32. Qxe5+ {[%clk 0:07:17]} f6 {[%clk 0:02:30]} 33. Qe7+
{[%clk 0:05:57]} Kh6 {[%clk 0:02:21]} 34. Qe3+ {[%clk 0:06:04]} g5
{[%clk 0:02:03]} 35. h3 {[%clk 0:02:34]} Bg6 {[%clk 0:01:33]} 36. g4
{[%clk 0:01:39]} Kg7 {[%clk 0:01:17]} 37. Qa7+ {[%clk 0:01:18]} Bf7
{[%clk 0:00:55]} 38. Re7 {[%clk 0:01:19]} Kg6 {[%clk 0:01:13]} 39. Qe3
{[%clk 0:01:42]} Qh6 {[%clk 0:00:54]} 40. Qd3+ {[%clk 0:31:39]} Kg7
{[%clk 0:31:10]} 41. Qd5 {[%clk 0:31:46]} Qg6 {[%clk 0:31:15]} 42. Qxa5
{[%clk 0:32:02]} h5 {[%clk 0:30:51]} 43. Qxb4 {[%clk 0:24:11]} 1-0

[Event "Ukrainian Women - 2013"]
[Site "http://ukrchess.org.ua/"]
[Date "2013.06.22"]
[Round "5.3"]
[White "Dolzhykova, Kateryna"]
[Black "Zhukova, Natalia"]
[Result "0-1"]
[LiveChessVersion "1.4.2"]
[BlackElo "2471"]
[WhiteElo "2301"]

1. e4 {[%clk 1:30:55]} e5 {[%clk 1:30:45]} 2. Nf3 {[%clk 1:31:03]} Nc6
{[%clk 1:31:01]} 3. Nc3 {[%clk 1:30:47]} Nf6 {[%clk 1:30:18]} 4. d4
{[%clk 1:30:03]} exd4 {[%clk 1:30:25]} 5. Nxd4 {[%clk 1:30:18]} Bb4
{[%clk 1:29:20]} 6. Nxc6 {[%clk 1:30:42]} bxc6 {[%clk 1:29:44]} 7. Bd3
{[%clk 1:31:06]} d5 {[%clk 1:27:58]} 8. exd5 {[%clk 1:29:52]} cxd5
{[%clk 1:28:18]} 9. O-O {[%clk 1:22:54]} O-O {[%clk 1:28:26]} 10. h3
{[%clk 1:22:44]} c6 {[%clk 1:22:26]} 11. Qf3 {[%clk 1:22:48]} Rb8
{[%clk 1:13:01]} 12. Bf4 {[%clk 1:07:02]} Bd6 {[%clk 1:13:03]} 13. b3
{[%clk 1:05:16]} Rb4 {[%clk 1:08:25]} 14. Ne2 {[%clk 0:59:51]} Bxf4
{[%clk 0:43:13]} 15. Nxf4 {[%clk 0:59:45]} Qd6 {[%clk 0:43:30]} 16. Ne2
{[%clk 0:49:37]} c5 {[%clk 0:39:43]} 17. c3 {[%clk 0:39:36]} Rb6 {[%clk 0:28:33]}
18. Rfe1 {[%clk 0:28:21]} Bb7 {[%clk 0:23:35]} 19. Qf4 {[%clk 0:19:04]} Qc6
{[%clk 0:22:49]} 20. Ng3 {[%clk 0:15:03]} d4 {[%clk 0:21:26]} 21. Ne4
{[%clk 0:13:06]} Nd5 {[%clk 0:18:34]} 22. Qh4 {[%clk 0:10:02]} f5
{[%clk 0:12:20]} 23. Ng5 {[%clk 0:10:01]} h6 {[%clk 0:12:44]} 24. Nf3
{[%clk 0:05:18]} Nxc3 {[%clk 0:07:17]} 25. Bc4+ {[%clk 0:05:27]} Kh8
{[%clk 0:07:40]} 26. Re6 {[%clk 0:05:27]} Qc8 {[%clk 0:06:50]} 27. Rxb6
{[%clk 0:04:08]} axb6 {[%clk 0:07:17]} 28. Ne5 {[%clk 0:04:29]} Qe8
{[%clk 0:05:59]} 29. Re1 {[%clk 0:03:22]} Be4 {[%clk 0:06:17]} 30. Nd3
{[%clk 0:02:08]} b5 {[%clk 0:06:05]} 31. f3 {[%clk 0:01:47]} bxc4
{[%clk 0:06:27]} 32. bxc4 {[%clk 0:02:11]} Bxd3 {[%clk 0:02:31]} 33. Rxe8
{[%clk 0:02:35]} Rxe8 {[%clk 0:03:00]} 34. Qh5 {[%clk 0:02:43]} Re1+
{[%clk 0:03:04]} 35. Kh2 {[%clk 0:03:08]} Nd1 {[%clk 0:01:34]} 36. g4
{[%clk 0:02:47]} fxg4 {[%clk 0:00:34]} 37. hxg4 {[%clk 0:02:38]} Bxc4
{[%clk 0:00:35]} 38. Qxc5 {[%clk 0:02:42]} Bxa2 {[%clk 0:00:32]} 39. Qxd4
{[%clk 0:02:31]} Re2+ {[%clk 0:00:33]} 40. Kg3 {[%clk 0:32:25]} Ne3
{[%clk 0:30:42]} 41. Qd8+ {[%clk 0:27:21]} Bg8 {[%clk 0:30:56]} 42. f4
{[%clk 0:26:00]} Rd2 {[%clk 0:22:03]} 43. Qe8 {[%clk 0:20:10]} Rd3
{[%clk 0:18:46]} 44. g5 {[%clk 0:14:28]} Nd5+ {[%clk 0:16:12]} 45. Kh2
{[%clk 0:13:37]} Nxf4 {[%clk 0:15:27]} 46. gxh6 {[%clk 0:11:38]} Rh3+
{[%clk 0:15:51]} 47. Kg1 {[%clk 0:12:06]} Rxh6 {[%clk 0:16:11]} 48. Kf2
{[%clk 0:12:12]} Re6 {[%clk 0:14:56]} 49. Qd8 {[%clk 0:11:35]} Rf6
{[%clk 0:15:10]} 50. Kg3 {[%clk 0:11:16]} Kh7 {[%clk 0:15:07]} 51. Qc8
{[%clk 0:10:15]} Ne2+ {[%clk 0:13:08]} 52. Kh4 {[%clk 0:09:27]} Rh6+
{[%clk 0:09:03]} 53. Kg5 {[%clk 0:09:54]} Rg6+ {[%clk 0:09:27]} 54. Kh5
{[%clk 0:06:57]} Nf4+ {[%clk 0:08:03]} 55. Kh4 {[%clk 0:07:23]} Ng2+
{[%clk 0:08:20]} 56. Kh5 {[%clk 0:07:51]} Be6 {[%clk 0:07:08]} 57. Qc2
{[%clk 0:07:32]} Bg4# {[%clk 0:07:30]} 0-1

[Event "Ukrainian Women - 2013"]
[Site "http://ukrchess.org.ua/"]
[Date "2013.06.22"]
[Round "5.4"]
[White "Tansiura, Maria"]
[Black "Osmak, Iulija"]
[Result "1-0"]
[LiveChessVersion "1.4.2"]
[BlackElo "2210"]
[WhiteElo "2195"]

1. e4 {[%clk 1:30:58]} e6 {[%clk 1:30:55]} 2. d4 {[%clk 1:31:25]} d5
{[%clk 1:31:22]} 3. Nc3 {[%clk 1:31:51]} Nf6 {[%clk 1:31:49]} 4. e5
{[%clk 1:32:17]} Nfd7 {[%clk 1:32:16]} 5. f4 {[%clk 1:32:42]} c5 {[%clk 1:32:44]}
6. Nf3 {[%clk 1:33:05]} Nc6 {[%clk 1:33:11]} 7. Be3 {[%clk 1:33:30]} a6
{[%clk 1:33:14]} 8. Qd2 {[%clk 1:33:53]} Qb6 {[%clk 1:33:37]} 9. O-O-O
{[%clk 0:57:12]} Qa5 {[%clk 1:32:24]} 10. dxc5 {[%clk 0:53:30]} Nxc5
{[%clk 1:32:31]} 11. Nd4 {[%clk 0:50:25]} Nxd4 {[%clk 1:31:58]} 12. Bxd4
{[%clk 0:40:15]} b5 {[%clk 1:29:41]} 13. Kb1 {[%clk 0:39:27]} b4 {[%clk 1:29:36]}
14. Ne2 {[%clk 0:39:50]} Bd7 {[%clk 1:28:45]} 15. Nc1 {[%clk 0:35:34]} Rc8
{[%clk 1:24:58]} 16. Qe3 {[%clk 0:24:25]} Qc7 {[%clk 1:17:13]} 17. Nb3
{[%clk 0:16:52]} Nxb3 {[%clk 1:15:49]} 18. Qxb3 {[%clk 0:17:17]} a5
{[%clk 1:14:16]} 19. Rc1 {[%clk 0:17:27]} a4 {[%clk 1:03:27]} 20. Qe3
{[%clk 0:17:51]} a3 {[%clk 1:03:39]} 21. b3 {[%clk 0:17:36]} Bc5 {[%clk 1:01:10]}
22. c4 {[%clk 0:15:48]} Bxd4 {[%clk 0:51:15]} 23. Qxd4 {[%clk 0:16:13]} Qc5
{[%clk 0:51:28]} 24. Qxc5 {[%clk 0:12:04]} Rxc5 {[%clk 0:51:54]} 25. cxd5
{[%clk 0:08:07]} Rxd5 {[%clk 0:48:19]} 26. Be2 {[%clk 0:07:08]} Ke7
{[%clk 0:31:49]} 27. Rhd1 {[%clk 0:06:21]} f6 {[%clk 0:31:27]} 28. Rxd5
{[%clk 0:03:19]} exd5 {[%clk 0:31:52]} 29. Rc7 {[%clk 0:03:46]} Kd8
{[%clk 0:24:32]} 30. Rb7 {[%clk 0:03:02]} fxe5 {[%clk 0:24:12]} 31. fxe5
{[%clk 0:02:35]} Rf8 {[%clk 0:22:44]} 32. Bf3 {[%clk 0:01:27]} Rf4
{[%clk 0:22:00]} 33. Kc1 {[%clk 0:00:47]} Rd4 {[%clk 0:18:02]} 34. Rb8+
{[%clk 0:00:44]} Ke7 {[%clk 0:17:53]} 35. Rb7 {[%clk 0:00:51]} Ke6
{[%clk 0:14:57]} 36. h3 {[%clk 0:00:56]} Be8 {[%clk 0:15:18]} 37. Bg4+
{[%clk 0:01:09]} Kxe5 {[%clk 0:13:52]} 38. Re7+ {[%clk 0:01:36]} Kd6
{[%clk 0:14:17]} 39. Rxe8 {[%clk 0:02:02]} Rf4 {[%clk 0:14:39]} 40. Bf3
{[%clk 0:32:27]} Kc5 {[%clk 0:44:48]} 41. Kd2 {[%clk 0:31:50]} Kd4
{[%clk 0:43:54]} 42. Rd8 {[%clk 0:32:04]} Rf5 {[%clk 0:44:20]} 43. Rb8
{[%clk 0:32:18]} Kc5 {[%clk 0:44:48]} 44. Rb7 {[%clk 0:31:50]} 1-0

[Event "Ukrainian Women - 2013"]
[Site "http://ukrchess.org.ua/"]
[Date "2013.06.22"]
[Round "5.5"]
[White "Kononenko, Tatiana"]
[Black "Gritsayeva, Oksana"]
[Result "0-1"]
[LiveChessVersion "1.4.2"]
[BlackElo "2340"]
[WhiteElo "2369"]

1. d4 {[%clk 1:30:52]} Nf6 {[%clk 1:30:55]} 2. c4 {[%clk 1:31:13]} e6
{[%clk 1:31:20]} 3. Nf3 {[%clk 1:31:33]} b6 {[%clk 1:31:33]} 4. a3
{[%clk 1:30:08]} Ba6 {[%clk 1:31:29]} 5. Qc2 {[%clk 1:27:20]} Bb7
{[%clk 1:31:19]} 6. Nc3 {[%clk 1:25:22]} c5 {[%clk 1:31:17]} 7. dxc5
{[%clk 1:18:26]} Bxc5 {[%clk 1:30:43]} 8. e3 {[%clk 1:03:56]} Be7
{[%clk 1:29:28]} 9. Be2 {[%clk 0:58:53]} d6 {[%clk 1:28:22]} 10. O-O
{[%clk 0:52:47]} Nbd7 {[%clk 1:27:49]} 11. b4 {[%clk 0:47:30]} a6
{[%clk 1:27:05]} 12. Bb2 {[%clk 0:47:01]} O-O {[%clk 1:27:08]} 13. Rfd1
{[%clk 0:37:14]} Rc8 {[%clk 1:26:17]} 14. Rac1 {[%clk 0:35:02]} Qc7
{[%clk 1:22:59]} 15. Qb1 {[%clk 0:20:56]} Qb8 {[%clk 1:22:03]} 16. Nd2
{[%clk 0:16:41]} Ne5 {[%clk 1:16:46]} 17. h3 {[%clk 0:14:36]} Qa8
{[%clk 1:13:58]} 18. Bf1 {[%clk 0:14:03]} Bc6 {[%clk 1:08:57]} 19. Ba1
{[%clk 0:12:40]} Rfe8 {[%clk 1:06:20]} 20. Bb2 {[%clk 0:10:31]} Ng6
{[%clk 1:00:53]} 21. a4 {[%clk 0:10:30]} Bb7 {[%clk 1:00:51]} 22. b5
{[%clk 0:08:20]} a5 {[%clk 1:00:04]} 23. e4 {[%clk 0:07:43]} Nd7 {[%clk 0:57:31]}
24. Nb3 {[%clk 0:05:45]} Nde5 {[%clk 0:56:54]} 25. Rd4 {[%clk 0:04:50]} Nf4
{[%clk 0:50:32]} 26. Rcd1 {[%clk 0:05:02]} Qb8 {[%clk 0:46:53]} 27. Ne2
{[%clk 0:03:18]} Nxc4 {[%clk 0:41:07]} 28. Rxc4 {[%clk 0:02:24]} Rxc4
{[%clk 0:39:24]} 29. Nxf4 {[%clk 0:02:52]} Rxe4 {[%clk 0:35:46]} 30. Nh5
{[%clk 0:03:01]} e5 {[%clk 0:35:37]} 31. Bd3 {[%clk 0:01:37]} Rh4
{[%clk 0:35:02]} 32. Bxh7+ {[%clk 0:01:15]} Kh8 {[%clk 0:30:15]} 33. Qf5
{[%clk 0:01:33]} Rf8 {[%clk 0:29:50]} 34. Nd4 {[%clk 0:01:10]} Be4
{[%clk 0:29:01]} 35. Qd7 {[%clk 0:01:09]} Kxh7 {[%clk 0:25:31]} 36. Qxe7
{[%clk 0:01:17]} Rxh5 {[%clk 0:25:37]} 37. Nc6 {[%clk 0:01:14]} Qe8
{[%clk 0:20:50]} 38. Qxd6 {[%clk 0:01:03]} Rg5 {[%clk 0:15:32]} 39. Bxe5
{[%clk 0:00:51]} Rxg2+ {[%clk 0:14:27]} 40. Kf1 {[%clk 0:31:14]} Rg6
{[%clk 0:42:49]} 41. Qd4 {[%clk 0:25:34]} Bxc6 {[%clk 0:42:27]} 42. bxc6
{[%clk 0:25:21]} Qxc6 {[%clk 0:42:30]} 43. Rd3 {[%clk 0:20:27]} Rc8
{[%clk 0:40:39]} 44. Qh4+ {[%clk 0:18:40]} Rh6 {[%clk 0:40:37]} 45. Qg4
{[%clk 0:16:50]} Qh1+ {[%clk 0:38:48]} 46. Ke2 {[%clk 0:16:27]} Rc2+
{[%clk 0:39:07]} 47. Rd2 {[%clk 0:15:50]} Rxd2+ {[%clk 0:39:00]} 48. Kxd2
{[%clk 0:16:18]} Qd5+ {[%clk 0:38:56]} 49. Bd4 {[%clk 0:16:47]} Rg6
{[%clk 0:38:35]} 50. Qh4+ {[%clk 0:13:35]} Kg8 {[%clk 0:38:51]} 0-1

[Event "Ukrainian Women - 2013"]
[Site "http://ukrchess.org.ua/"]
[Date "2013.06.23"]
[Round "6.1"]
[White "Osmak, Iulija"]
[Black "Muzychuk, Mariya"]
[Result "0-1"]
[LiveChessVersion "1.4.2"]
[BlackElo "2484"]
[WhiteElo "2210"]

1. e4 {[%clk 1:30:47]} c5 {[%clk 1:30:38]} 2. c3 {[%clk 1:31:12]} d5
{[%clk 1:29:43]} 3. exd5 {[%clk 1:31:33]} Qxd5 {[%clk 1:30:05]} 4. d4
{[%clk 1:31:57]} Nf6 {[%clk 1:29:56]} 5. Nf3 {[%clk 1:32:21]} e6 {[%clk 1:29:29]}
6. Na3 {[%clk 1:32:36]} Nc6 {[%clk 1:29:25]} 7. Be3 {[%clk 1:31:19]} cxd4
{[%clk 1:29:18]} 8. Nb5 {[%clk 1:31:42]} Qd8 {[%clk 1:29:31]} 9. Nbxd4
{[%clk 1:32:04]} Nd5 {[%clk 1:29:39]} 10. Bb5 {[%clk 1:31:52]} Bd7
{[%clk 1:22:59]} 11. O-O {[%clk 1:29:00]} Be7 {[%clk 1:15:36]} 12. Bxc6
{[%clk 1:25:53]} bxc6 {[%clk 1:10:30]} 13. Ne5 {[%clk 1:25:34]} Qc7
{[%clk 1:06:48]} 14. Nxd7 {[%clk 1:24:25]} Qxd7 {[%clk 1:07:09]} 15. Qg4
{[%clk 1:13:12]} O-O {[%clk 1:03:35]} 16. Bh6 {[%clk 1:11:08]} Bf6
{[%clk 1:02:58]} 17. Rad1 {[%clk 1:10:36]} Bxd4 {[%clk 0:32:01]} 18. Rxd4
{[%clk 1:04:27]} f5 {[%clk 0:32:17]} 19. Qg3 {[%clk 1:04:39]} c5 {[%clk 0:30:39]}
20. Rd2 {[%clk 1:00:01]} c4 {[%clk 0:26:29]} 21. Bf4 {[%clk 0:46:10]} Rad8
{[%clk 0:19:47]} 22. Rfd1 {[%clk 0:37:05]} Qa4 {[%clk 0:18:01]} 23. Be5
{[%clk 0:36:08]} Rd7 {[%clk 0:17:16]} 24. h4 {[%clk 0:24:49]} Qxa2
{[%clk 0:16:10]} 25. h5 {[%clk 0:25:13]} Qa6 {[%clk 0:13:27]} 26. h6
{[%clk 0:23:21]} g6 {[%clk 0:13:50]} 27. Bg7 {[%clk 0:22:22]} Rc8
{[%clk 0:09:48]} 28. Bd4 {[%clk 0:18:12]} Qd6 {[%clk 0:08:43]} 29. Be5
{[%clk 0:16:20]} Qe7 {[%clk 0:08:06]} 30. f4 {[%clk 0:15:03]} Rcd8
{[%clk 0:06:54]} 31. Qf2 {[%clk 0:13:27]} Kf7 {[%clk 0:06:34]} 32. Qe2
{[%clk 0:12:25]} Qc5+ {[%clk 0:06:21]} 33. Rd4 {[%clk 0:12:12]} Nb6
{[%clk 0:05:55]} 34. Ra1 {[%clk 0:11:47]} Qe7 {[%clk 0:04:42]} 35. g3
{[%clk 0:11:02]} Rd5 {[%clk 0:04:44]} 36. Ra6 {[%clk 0:09:18]} Qb7
{[%clk 0:04:53]} 37. Ra1 {[%clk 0:09:36]} R8d7 {[%clk 0:05:00]} 38. Re1
{[%clk 0:09:47]} Qc6 {[%clk 0:05:08]} 39. Kh2 {[%clk 0:08:13]} a5
{[%clk 0:03:58]} 40. Qf2 {[%clk 0:35:41]} Qc5 {[%clk 0:33:17]} 41. Qe2
{[%clk 0:34:17]} Qc6 {[%clk 0:30:39]} 42. Qf2 {[%clk 0:31:43]} Na4
{[%clk 0:29:05]} 43. g4 {[%clk 0:25:18]} Rb5 {[%clk 0:16:55]} 44. Re2
{[%clk 0:24:23]} Rxd4 {[%clk 0:17:09]} 45. Qxd4 {[%clk 0:20:50]} Qd5
{[%clk 0:15:02]} 46. Qf2 {[%clk 0:20:30]} Qc5 {[%clk 0:14:26]} 47. Bd4
{[%clk 0:16:15]} Qe7 {[%clk 0:14:22]} 48. g5 {[%clk 0:14:21]} Nc5
{[%clk 0:13:41]} 49. Bxc5 {[%clk 0:13:12]} Qxc5 {[%clk 0:14:03]} 50. Qe1
{[%clk 0:12:24]} Qd6 {[%clk 0:12:20]} 51. Re5 {[%clk 0:09:40]} Rxb2+
{[%clk 0:11:45]} 0-1

[Event "Ukrainian Women - 2013"]
[Site "http://ukrchess.org.ua/"]
[Date "2013.06.23"]
[Round "6.2"]
[White "Zhukova, Natalia"]
[Black "Tansiura, Maria"]
[Result "1-0"]
[LiveChessVersion "1.4.2"]
[BlackElo "2195"]
[WhiteElo "2471"]

1. d4 {[%clk 1:30:56]} Nf6 {[%clk 1:30:54]} 2. c4 {[%clk 1:31:10]} g6
{[%clk 1:31:17]} 3. Nc3 {[%clk 1:31:33]} Bg7 {[%clk 1:31:41]} 4. e4
{[%clk 1:31:47]} d6 {[%clk 1:32:06]} 5. Nf3 {[%clk 1:31:51]} O-O {[%clk 1:32:27]}
6. Be2 {[%clk 1:32:02]} e5 {[%clk 1:32:36]} 7. O-O {[%clk 1:32:11]} Nbd7
{[%clk 1:32:10]} 8. Be3 {[%clk 1:28:57]} Ng4 {[%clk 1:32:10]} 9. Bg5
{[%clk 1:29:13]} f6 {[%clk 1:32:34]} 10. Bd2 {[%clk 1:26:48]} Nh6
{[%clk 1:32:18]} 11. Qc2 {[%clk 1:24:27]} Re8 {[%clk 1:18:24]} 12. Rad1
{[%clk 1:16:46]} Nf7 {[%clk 1:16:43]} 13. Be3 {[%clk 1:12:24]} c6
{[%clk 1:12:47]} 14. b4 {[%clk 1:09:54]} Qe7 {[%clk 1:10:12]} 15. d5
{[%clk 1:00:46]} Nf8 {[%clk 0:59:44]} 16. c5 {[%clk 0:58:34]} dxc5
{[%clk 0:53:07]} 17. Bxc5 {[%clk 0:57:25]} Qc7 {[%clk 0:53:00]} 18. Bc4
{[%clk 0:41:25]} Bg4 {[%clk 0:47:25]} 19. Qb3 {[%clk 0:29:24]} Nd7
{[%clk 0:27:25]} 20. Be3 {[%clk 0:20:01]} Nb6 {[%clk 0:26:32]} 21. Bxb6
{[%clk 0:19:35]} axb6 {[%clk 0:26:49]} 22. dxc6 {[%clk 0:17:06]} bxc6
{[%clk 0:26:58]} 23. b5 {[%clk 0:17:30]} c5 {[%clk 0:24:12]} 24. Nd5
{[%clk 0:17:31]} Qa7 {[%clk 0:22:44]} 25. Nxb6 {[%clk 0:17:48]} Qxb6
{[%clk 0:22:17]} 26. Bxf7+ {[%clk 0:18:11]} Kh8 {[%clk 0:22:38]} 27. Bxe8
{[%clk 0:18:29]} Rxe8 {[%clk 0:23:05]} 28. a4 {[%clk 0:16:15]} Be6
{[%clk 0:23:16]} 29. Qc2 {[%clk 0:11:04]} c4 {[%clk 0:22:34]} 30. Ra1
{[%clk 0:07:16]} f5 {[%clk 0:20:38]} 31. Ng5 {[%clk 0:06:44]} Bg8
{[%clk 0:16:22]} 32. exf5 {[%clk 0:05:19]} e4 {[%clk 0:16:48]} 33. Nxe4
{[%clk 0:03:13]} gxf5 {[%clk 0:15:28]} 34. Nc3 {[%clk 0:02:27]} Qa5
{[%clk 0:15:49]} 35. Rac1 {[%clk 0:02:43]} f4 {[%clk 0:15:44]} 36. Rfd1
{[%clk 0:01:51]} f3 {[%clk 0:15:07]} 37. gxf3 {[%clk 0:02:04]} Rf8
{[%clk 0:14:56]} 38. Nd5 {[%clk 0:01:21]} Rxf3 {[%clk 0:14:46]} 39. Qxc4
{[%clk 0:01:32]} Rf5 {[%clk 0:12:42]} 40. Qc8 {[%clk 0:30:38]} Rg5+
{[%clk 0:42:46]} 41. Kf1 {[%clk 0:12:59]} Qxa4 {[%clk 0:41:49]} 42. Rb1
{[%clk 0:10:58]} Be5 {[%clk 0:12:37]} 43. b6 {[%clk 0:06:16]} Bxh2
{[%clk 0:12:31]} 44. Qc3+ {[%clk 0:06:33]} Be5 {[%clk 0:12:54]} 45. Qb4
{[%clk 0:05:34]} Qa6+ {[%clk 0:12:19]} 46. Qb5 {[%clk 0:05:51]} Qc8
{[%clk 0:12:43]} 47. Qd3 {[%clk 0:03:24]} Qg4 {[%clk 0:10:13]} 48. Rb4
{[%clk 0:03:21]} Qg2+ {[%clk 0:04:42]} 49. Ke2 {[%clk 0:03:47]} Qh2
{[%clk 0:03:28]} 50. Qf3 {[%clk 0:02:08]} Qh6 {[%clk 0:01:58]} 51. b7
{[%clk 0:01:43]} Qe6 {[%clk 0:01:22]} 52. Qe3 {[%clk 0:01:42]} Qa6+
{[%clk 0:01:14]} 53. Qd3 {[%clk 0:01:35]} Qe6 {[%clk 0:01:03]} 54. Ne3
{[%clk 0:01:23]} Bb8 {[%clk 0:00:56]} 55. Qd4+ {[%clk 0:01:42]} Rg7
{[%clk 0:00:51]} 56. Rg1 {[%clk 0:00:39]} Be5 {[%clk 0:00:39]} 57. Qxe5
{[%clk 0:00:57]} 1-0